Intercultural communicative competence trough foreign language learning

Saved in:
Bibliographic Details
Main Author: Némethová, Ildikó, 1974-
Format: Book Chapter
Language:English
Subjects:
Tags: Add Tag
No Tags, Be the first to tag this record!

MARC

LEADER 00000nla a2200000 4500
001 0196802
005 20240502073321.9
041 0 |a eng 
044 |a SK 
245 1 0 |a Intercultural communicative competence trough foreign language learning  |c Ildikó Némethová 
610 2 0 |a jazyky cudzie 
610 2 0 |a komunikácia multikultúrna 
610 2 0 |a angličtina 
610 2 0 |a kompetencie 
610 2 0 |a vzdelávanie 
100 1 |a Némethová, Ildikó, 1974-